Music Quiz

Random Music or Classical Quiz

Mis-Matched Classical Composers Quiz Stats

 Plays Quiz Updated Oct 29, 2019

Score 0/24 Timer 06:00
2 Plays Today
% Correct
Ferenc Mozart
97.3%
Ludwig Schumann
96.7%
Johann Sebastian Handel
95.6%
George Glass
88.8%
Joseph Wagner
88.8%
Georges Debussy
87.3%
Igor Rimsky-Korsakov
86.5%
Antonio Corelli
82.6%
Gioacchino Verdi
82.5%
Fryderyk Hindemith
78.5%
Zoltán Bartók
75.9%
Edvard Sviridov
75.5%
% Correct
Alexander Rachmaninoff
72%
Mikhail Shostakovich
70.5%
Antonín Smetana
69.8%
Camille Messiaen
68.7%
Claudio Puccini
68.3%
Maurice Couperin
67.8%
Hector Franck
63.2%
Isaac Purcell
61.3%
Rodion Mussorgsky
56.2%
Gaetano Bellini
52.6%
Jean-Baptiste Ysaÿe
51.3%
Pietro Leoncavallo
46.5%

You're not logged in!

Compare scores with friends on all Sporcle quizzes.
OR
Log In

Sporcle TV

Today on Sporcle TV


Watch our educational content, quiz creation guides, and fun videos on Sporcle TV.

Show Comments

Extras

Top Quizzes Today


Score Distribution

Your Account Isn't Verified!

In order to create a playlist on Sporcle, you need to verify the email address you used during registration. Go to your Sporcle Settings to finish the process.

Report this User

Report this user for behavior that violates our Community Guidelines.

Details: